1482 1717 1807 1866 1613 1419 1327 1976 1301 1057 1729 1779 1447 1951 1275 1017 1669 1036 1883 1722 1945 1929 1950 1386 1740 1653 1246 1234 1117 1070 1953 1149 1823 1096 1088 1201 1961 1304 1035 1161 1132 1244 1246 1071 1664 1756 1230 1238 1091 1759 1153 1211 1090 1023 1205 1901 1999 1716 1623 1608 1930 1904 1268 1213 1476 1539 1932 1742 1266 1147 1951 1808 1192 1193 1310 1102 1164 1400 1147 1793 1585 1252 1082 1538 1760 1820 1734 1659 1151 1742 1653 1702 1851 1250 1715 1621 1375 1816 1867 BCNSPRNW ULIB Ver.6.0+V

เปลี่ยนเป็นภาษาไทย

Change to English
 แสดงรายละเอียดบรรณานุกรม
  กลับหน้าหลัก

Brief Record : Get Marc (ISO 2709) : E-mail record : QR code < ปิดหน้าต่าง
LEADER : 00000nam 2200000uu 4500
001    13399126748
003     ULIB
008    190226s2011||||th 000 0 tha d
020    ^a0071752897
020    ^a9780071752893
020    ^a0071664459 (CD)
020    ^a9780071664455 (CD)
020    ^a0071752900 (International ed.)
020    ^a9780071752909 (International ed.)
060  4 ^aWS100.01^bC976
245 00 ^aCurrent diagnosis & treatment pediatrics /^cedited byWilliam W. Hay, Jr. ... [et al.]
250    ^a20th ed
260    ^aNew York :^bMcGraw-Hill Medical,^cc2011
300    ^axxvi, 1382 p. :^bill., chart ;^c24 cm. +^e1 CD-ROM
490 1  ^aA Lange medical book
504    ^aIncludes bibliographical references and index
505 0  ^aThe newborn infant -- Child development & behavior --Adolescence -- Adolescent substance abuse -- Eatingdisorders -- Child & adolescent psychiatric disorders &psychosocial aspects of pediatrics -- Child abuse &neglect -- Ambulatory & office pediatrics -- Immunization-- Normal childhood nutrition & its disorders --Emergencies & injuries -- Poisoning -- Critical care --Skin -- Eye -- Oral medicine & dentistry -- Ear, nose, &throat -- Respiratory tract & mediastinum --Cardiovascular diseases -- Gastrointestinal tract -- Liver& pancreas -- Kidney & urinary tract -- Neurologic andmuscular disorders -- Orthopedics -- Sports medicine --Rehabilitation medicine -- Rheumatic diseases --Hematologic disorders -- Neoplastic disease -- Painmanagement & pediatric palliative care & end-of-life care-- Immunodeficiency -- Endocrine disorders -- Diabetesmellitus -- Inborn errors of metabolism -- Genetics &dysmorphology -- Allergic disorders -- Antimicrobialtherapy -- Infections: viral & rickettsial -- Humanimmunodeficiency virus infection -- Infections: bacterial& spirochetal -- Infections: parasitic & mycotic --Sexually transmitted infections -- Travel medicine --Fluid, electrolyte, & acid-base disorders & therapy --Chemistry & hematology reference intervals
650  2 ^aPediatrics
700 1  ^aHay, William W
830  0 ^aA Lange medical book
945    ^p2507^l0^i005414
999    ^aประนอม เกษจรัล
รายการนี้ยังไม่มีแท็ก
คุณยังไม่ได้ล็อกอิน คุณสามารถมีกิจกรรมร่วมกับเว็บไซต์ได้ แต่ต้องล็อกอินก่อน ::
  ล็อกอิน

รายการสื่อสารสนเทศ

ลำดับที่ ประเภท เลขเรียก/บาร์โค้ด สถานที่ สถานะ
1. วิทยาศาสตร์การแพทย์ และสุขภาพ
หนังสือสำรอง
สถานะ=หนังสือสำรอง
WS100.01 C976 ฉ.1 
  Barcode: 005414
ห้องสมุดวิทยาเขตสวรรค์ประชารักษ์
►หนังสือทั่วไป
บนชั้น

รายการใกล้เคียง
    หัวเรื่อง [Pediatrics]

BibComment


ยังไม่เคยถูกคอมเมนท์

คอมเมนท์ทรัพยากรรายการนี้
  คอมเมนท์: Current diagnosi..


 Copyright 2026. Bcnsprnw @Library